Manažerská etika: základ odpovědného managementu
Vymedzenie pojmu manažérska etika. Teórie manažérskej etiky. Pozícia etiky v rozhodovacom procese. Inovácie a manažment. Schéma zodpovedného manažmentu.
Salvato in:
| Autore principale: | |
|---|---|
| Altri autori: | |
| Natura: | Capitolo di libro |
| Lingua: | ceco |
| Soggetti: | |
| Tags: |
Nessun Tag, puoi essere il primo ad aggiungerne!!
|
MARC
| LEADER | 00000nla a2200000 4500 | ||
|---|---|---|---|
| 001 | 0246448 | ||
| 005 | 20240417075141.9 | ||
| 041 | 0 | |a cze | |
| 044 | |a SK | ||
| 245 | 1 | 0 | |a Manažerská etika: základ odpovědného managementu |c Zdenek Dytrt, Miroslav Němec |
| 520 | |a Vymedzenie pojmu manažérska etika. Teórie manažérskej etiky. Pozícia etiky v rozhodovacom procese. Inovácie a manažment. Schéma zodpovedného manažmentu. | ||
| 610 | 2 | 0 | |a podnikanie zodpovedné |
| 610 | 2 | 0 | |a kódexy etické |
| 610 | 2 | 0 | |a etika manažérska |
| 610 | 2 | 0 | |a rozhodovanie manažérske |
| 610 | 2 | 0 | |a procesy rozhodovacie |
| 610 | 2 | 0 | |a stratégia inovačná |
| 100 | 1 | |a Dytrt, Zdenek | |
| 700 | 1 | |a Němec, Miroslav | |